Contributo per un'antología del pensiero politico di José Antonio Primo De Rivera

Salvato in:
Dettagli Bibliografici
Autore principale: Loi Puddu, Giuseppe (autor)
Ente Autore: Università Degli Studi Di Calgiari (Autore)
Natura: Libro
Lingua:italiano
Pubblicazione: Milán Dott. A. Giuffrè 1983
Soggetti:
Tags: Aggiungi Tag
Nessun Tag, puoi essere il primo ad aggiungerne!!

MARC

LEADER 00000nam a2200000 a 4500
001 UCR2886
003 CL-VaPUC
008 980116e19830000IT |||||||||||||||||ita|d
082 0 4 |a 321.5  |b LOI  |2 21 
100 |a Loi Puddu, Giuseppe  |e autor  |9 401365 
110 2 |a Università Degli Studi Di Calgiari  |e author  |9 401366 
245 1 0 |a Contributo per un'antología del pensiero politico di José Antonio Primo De Rivera 
300 |a 111 p 
942 |c BK 
945 |d 19980116 00:00:00  |a crobeson 
260 |a Milán  |b Dott. A. Giuffrè  |c 1983 
600 0 7 |a PRIMO DE RIVERA, JOSE ANTONIO  |2 CL-VaPUC  |9 388207 
650 0 |a Política  |9 255312 
650 0 |a Liberalismo  |9 255715 
650 7 |a MARXISMO  |2 CL-VaPUC  |9 401367 
650 0 |a Democracia  |9 255256 
650 0 |a Fascismo  |9 255687 
583 |a last modification  |c 19980116 00:00:00  |k Rodrigo Vera 
999 |c 266007  |d 266005 
952 |0 0  |1 0  |4 0  |6 321_500000000000000_LOI_1983  |7 0  |8 DER_HIS  |9 297291  |a BIBDER  |b BIBDER  |d 2019-11-20  |i 1924389  |o 321.5 LOI 1983  |p 1924389  |r 2023-01-25  |w 2019-11-20  |x Ubicación 4to Piso  |y BK  |z Estos recursos deben solicitarse con anticipación  |k DER